Platobné systémy bánk po vstupe SR do Eurozóny

Platobné systémy bankovej sústavy v Slovenskej republike. Platobný systém SIPS a EURO SIPS. Platobný systém TARGET a TARGET2. Priebeh platby v systéme TARGET2. Platobný systém SEPA. Krajiny zúčastňujúce sa na projekte SEPA. Bezhotovostné platobné nástroje na Slovensku a v Eurozóne.

Enregistré dans:
Détails bibliographiques
Auteur principal: Šemšej, Miroslav
Format: Chapitre de livre
Langue:slovaque
Sujets:
Tags: Ajouter un tag
Pas de tags, Soyez le premier à ajouter un tag!

MARC

LEADER 00000naa a2200000 4500
001 0212839
005 20220725101119.0
041 0 |a slo 
044 |a SK 
245 1 0 |a Platobné systémy bánk po vstupe SR do Eurozóny  |c Miroslav Šemšej 
520 |a Platobné systémy bankovej sústavy v Slovenskej republike. Platobný systém SIPS a EURO SIPS. Platobný systém TARGET a TARGET2. Priebeh platby v systéme TARGET2. Platobný systém SEPA. Krajiny zúčastňujúce sa na projekte SEPA. Bezhotovostné platobné nástroje na Slovensku a v Eurozóne. 
610 2 0 |a systémy platobné 
610 2 0 |a eurozóna 
610 2 0 |a Slovensko 
610 2 0 |a banky 
610 2 0 |a euro 
100 1 |a Šemšej, Miroslav